000 00514nam a2200205 a 4500
001 BRCA_8049
005 20190320210117.0
008 280314s1959----mx-a###f##---#000-0#spa-#
041 _aspa
044 _amx
050 4 _aRA778
_b.D58 1959
245 1 0 _aDinam
_bsalud, belleza, prestigio.
260 _aMéxico
_bDinam
_c[1959]
300 _a28 p.
_bil.
_c16 cm.
500 _aY42
650 1 4 _aSalud física
_vManuales y guías
_920001
650 1 4 _aEducación física
_920002
902 _aGFM
942 _2lcc
_cB
999 _c7717
_d7717